[Event "FRA-chT3 Gr01 0607"]
[Site "France"]
[Date "2006.12.10"]
[Round "4.7"]
[White "Nakache, Elie"]
[Black "Robert, Bastien"]
[Result "0-1"]
[WhiteElo "1828"]
[BlackElo "1963"]
[PlyCount "84"]
[EventDate "2006.10.15"]
[EventType "team"]
[EventRounds "9"]
[EventCountry "FRA"]
[SourceTitle "EXT 2008"]
[Source "ChessBase"]
[SourceDate "2007.11.25"]
[SourceVersion "1"]
[SourceVersionDate "2007.11.25"]
[SourceQuality "1"]

1. e4 c5 2. Nf3 Nc6 3. d4 cxd4 4. Nxd4 g6 5. Nc3 Bg7 6. Be3 Nf6 7. f3 0-0 8. Qd2 d5 9. 0-0-0 Nxd4 10. Bxd4 dxe4 11. fxe4 Be6 12. Kb1 a6 13. Be2 b5 14. Bf3 Rc8 15. h4 Qa5 16. b3 Rfd8 17. Qe3 Rxd4 18. Rxd4 Rxc3 19. Qd2 h6 20. Rd8+ Kh7 21. e5 Nd7 22. Rxd7 Bxd7 23. Qxd7 Bxe5 24. Qxe7 Re3 25. Qxf7+ Bg7 26. Kc1 Qa3+ 27. Kd2 Re7 28. Qd5 Qb2 29. a4 Bc3+ 30. Kd3 Be5 31. Be4 Qc3+ 32. Ke2 Bd4 33. Kd1 Bc5 34. Rf1 Kg7 35. Qd3 Qa1+ 36. Ke2 Qe5 37. Kf3 Bd6 38. Ke3 Qg3+ 39. Kd2 Bf4+ 40. Kc3 Rxe4 41. Rf3 Qe1+ 42. Kb2 Qc1+ 0-1

[Event "FRA-chT3 Gr01 0607"]
[Site "France"]
[Date "2006.11.26"]
[Round "3.7"]
[White "Birens, Eric Andre"]
[Black "Robert, Bastien"]
[Result "1-0"]
[WhiteElo "2007"]
[BlackElo "1963"]
[PlyCount "57"]
[EventDate "2006.10.15"]
[EventType "team"]
[EventRounds "9"]
[EventCountry "FRA"]
[SourceTitle "EXT 2008"]
[Source "ChessBase"]
[SourceDate "2007.11.25"]
[SourceVersion "1"]
[SourceVersionDate "2007.11.25"]
[SourceQuality "1"]

1. d4 Nf6 2. c4 e6 3. Nc3 b6 4. e4 Bb4 5. Bd3 Bb7 6. Qe2 h6 7. Nf3 Qe7 8. e5 Ng8 9. 0-0 Bxc3 10. bxc3 Nc6 11. a4 f5 12. Ba3 Qf7 13. d5 Nce7 14. a5 exd5 15. axb6 axb6 16. c5 bxc5 17. Bxc5 Rxa1 18. Rxa1 Nc6 19. Qb2 Bc8 20. Ra8 Nge7 21. Qb7 0-0 22. Qxc7 Re8 23. Nd4 Kh7 24. Nxc6 Nxc6 25. Rxc8 Rxe5 26. Qd6 Re1+ 27. Bf1 Qh5 28. Qxd5 Qe2 29. Qxf5+ 1-0

[Event "FRA-ch U14"]
[Site "Calvi"]
[Date "2005.04.22"]
[Round "7"]
[White "Blancho, Gwenael"]
[Black "Robert, Bastien"]
[Result "1/2-1/2"]
[WhiteElo "2030"]
[BlackElo "1780"]
[PlyCount "84"]
[EventDate "2005.04.??"]
[EventType "swiss"]
[EventRounds "9"]
[EventCountry "FRA"]
[SourceTitle "EXT 2006"]
[Source "ChessBase"]
[SourceDate "2005.11.24"]
[SourceVersion "1"]
[SourceVersionDate "2005.11.24"]
[SourceQuality "1"]

1. e4 c5 2. Nf3 Nc6 3. d4 cxd4 4. Nxd4 g6 5. c4 Nf6 6. Nc3 Nxd4 7. Qxd4 d6 8. f3 Bg7 9. Be3 0-0 10. Qd2 Be6 11. Rc1 Qa5 12. Bd3 Rfc8 13. b3 a6 14. 0-0 Bd7 15. Rfe1 b5 16. Bg5 b4 17. Bxf6 Bxf6 18. Nd5 Qc5+ 19. Kh1 a5 20. Nxf6+ exf6 21. Be2 a4 22. Red1 axb3 23. axb3 Rc6 24. Qb2 Qe5 25. Qxe5 fxe5 26. c5 Be6 27. cxd6 Rxc1 28. Rxc1 Bxb3 29. d7 Be6 30. Rd1 Rd8 31. Bb5 Kf8 32. Kg1 Ke7 33. Rb1 Rb8 34. Ba4 Bxd7 35. Bb3 Be6 36. Bxe6 Kxe6 37. Kf2 f5 38. Ke3 b3 39. Kd3 b2 40. Kc3 fxe4 41. fxe4 Rb6 42. g4 g5 1/2-1/2